| 000 | 01461nam a22003857a 4500 | ||
|---|---|---|---|
| 003 | CHAP | ||
| 005 | 20220817044356.0 | ||
| 008 | 100920s2009 mx a r 00010 spa d | ||
| 010 | _a99296 | ||
| 011 | _a100268 | ||
| 035 | _a110954 | ||
| 040 | _cCHAP | ||
| 082 | 0 | 4 |
_a630.097247 _bUa1 |
| 110 | 2 |
_aUACH. _bDepartamento de Preparatoria Agrícola. Área de Agronomía _9115813 |
|
| 245 | 1 | 0 |
_aReporte final viaje generacional ruta Tlaxcala - Veracruz 2008 - 2009 grupo : 1<U+00BA> 17 _c/por Marcela Jiménez Velázquez y Himelda Orozco Aburto |
| 260 |
_aChapingo, Méx. : _bUACH. Departamento de Preparatoria Agrícola, _c[2009] |
||
| 300 |
_a78 h. : _bilus. |
||
| 590 |
_aBATCH-UPD _b10 _c20130110 _lUCH01 _h1030 |
||
| 590 |
_aBATCH-UPD _b10 _c20130410 _lUCH01 _h0633 |
||
| 590 |
_aBATCH-UPD _b10 _c20130913 _lUCH01 _h1804 |
||
| 590 |
_aBATCH-UPD _b10 _c20130913 _lUCH01 _h2228 |
||
| 590 |
_aCONVERSION _b10 _c20130109 _lUCH01 _h1355 |
||
| 650 | 1 | 4 |
_aAgricultura y ganadería. _92074 |
| 650 | 1 | 4 |
_aAgricultura _zVeracruz. _91941 |
| 650 | 1 | 4 |
_aCafé _zVeracruz. |
| 650 | 1 | 4 |
_aCitricultura _xVeracruz. _923499 |
| 650 | 1 | 4 |
_aComunidades rurales. _926254 |
| 650 | 1 | 4 |
_aTlaxcala _xDescripcion y viaje. _9113472 |
| 650 | 1 | 4 |
_aViajes de estudio. _9119036 |
| 700 | 0 |
_aJiménez Velázquez, Marcela. _961673 |
|
| 700 | 1 |
_aOrozco Aburto, Himelda _934 |
|
| 901 | _aBK | ||
| 942 | _cLIBRO | ||
| 949 |
_a630.097247 Ua1 _bBC _cUACH _d33724002168710 _eUACH _gDonaciØn _h51085 _i110954 _si |
||
| 999 |
_c99296 _d99296 |
||